First Word of Every Hamilton Song - Statistics

General Stats
  • This quiz has been taken 117 times
    49 since last reset
  • The average score is 26 of 46
Answer Stats
Hint Answer % Correct
#1 How
95%
#9 How
95%
#18 How
95%
#34 How
95%
#43 How
95%
#3 I
92%
#4 I
92%
#12 I
92%
#19 I
92%
#38 I
92%
#20 The
87%
#30 The
87%
#37 The
87%
#7 You
82%
#44 Alexander
69%
#2 1776
64%
#41 There
64%
#22 Dear
59%
#31 It
54%
#15 One
54%
#45 One
54%
#5 There's
54%
#27 There's
54%
#6 Hear
51%
#13 Theodosia
49%
#23 After
44%
#46 Let
44%
#21 They
44%
#33 They
44%
#24 Seventeen
41%
#14 Stay
41%
#26 Un
38%
#11 Alright
36%
#36 In
36%
#17 Look
33%
#29 Look
33%
#42 Can
31%
#25 Ladies
31%
#39 Meet
31%
#10 Ooh
31%
#16 Lee
28%
#8 British
26%
#35 Mister
26%
#40 Where
26%
#28 Ah
21%
#32 Mr
21%
No matching quizzes found
Score Distribution
Percent of People with Each Score
Percentile by Number Answered
Your Score History
You have not taken this quiz since the last reset